[Event "Titled Tuesday intern op 03rd Jan Late"]
[Site "Chess.com INT"]
[Date "2025.06.03"]
[Round "1"]
[White "Llorente Zaro, Alfonso"]
[Black "Hernandez Leon, Sergio"]
[Result "1-0"]
[WhiteElo "2433"]
[BlackElo "2106"]
[PlyCount "119"]
[EventDate "2025.06.03"]
[EventType "swiss (blitz)"]
[EventRounds "11"]
[EventCountry "USA"]
[SourceTitle "CB24_2025"]
[SourceDate "2025.06.11"]
[SourceVersion "1"]
[SourceVersionDate "2025.06.11"]
[SourceQuality "1"]

1. b4 e5 2. Bb2 Nf6 3. Bxe5 Bxb4 4. c4 Nc6 5. Bc3 Bxc3 6. Nxc3 0-0 7. Nf3 d5 8. cxd5 Nxd5 9. Nxd5 Qxd5 10. e3 Bg4 11. Be2 Rad8 12. d4 Qa5+ 13. Qd2 Bxf3 14. Bxf3 Qxd2+ 15. Kxd2 Na5 16. Rhc1 Rd7 17. Rab1 b6 18. Ke1 f5 19. g3 g6 20. Rc3 Kg7 21. Rbc1 Rff7 22. h4 Rfe7 23. Kf1 a6 24. Be2 b5 25. a4 c6 26. axb5 cxb5 27. Ra3 Nc4 28. Bxc4 bxc4 29. Rxa6 Rc7 30. Ra4 c3 31. Ra3 c2 32. Ra2 Kf6 33. Raxc2 Rxc2 34. Rxc2 Rb7 35. Kg2 Rb3 36. Kf3 h5 37. Kf4 Rb1 38. f3 Rf1 39. Rb2 Kf7 40. Rb6 Kg7 41. d5 Kf7 42. Rc6 Rf2 43. Rc1 Kf6 44. Rc6+ Kf7 45. Ra6 Rf1 46. Ra2 Kf6 47. Rd2 Ke7 48. d6+ Kd7 49. e4 fxe4 50. Kxe4 Rg1 51. Kf4 Rf1 52. Rd5 Rf2 53. Rg5 Kxd6 54. Rxg6+ Ke7 55. Rg5 Kf6 56. Rxh5 Ra2 57. Rf5+ Kg6 58. h5+ Kg7 59. g4 Ra4+ 60. Kg5 1-0

[Event "Titled Tuesday intern op 04th Feb Late"]
[Site "Chess.com INT"]
[Date "2025.02.04"]
[Round "3"]
[White "Van der Werf, Mark"]
[Black "Llorente Zaro, Alfonso"]
[Result "1-0"]
[WhiteElo "2416"]
[BlackElo "2442"]
[PlyCount "99"]
[EventDate "2025.02.04"]
[EventType "swiss (blitz)"]
[EventRounds "11"]
[EventCountry "USA"]
[SourceTitle "CB07_2025"]
[SourceDate "2025.02.12"]
[SourceVersion "1"]
[SourceVersionDate "2025.02.12"]
[SourceQuality "1"]

1. Nf3 Nc6 2. g3 e5 3. d3 d5 4. Bg2 Be7 5. 0-0 g5 6. c4 g4 7. Nfd2 Be6 8. cxd5 Bxd5 9. Bxd5 Qxd5 10. Nc3 Qd7 11. Nc4 h5 12. b4 Bxb4 13. Qb3 h4 14. Nxe5 Nxe5 15. Qxb4 hxg3 16. fxg3 0-0-0 17. Bf4 Nc6 18. Qa4 Nge7 19. Rab1 Nf5 20. Ne4 Qd4+ 21. Qxd4 Nfxd4 22. Rf2 f5 23. Nc3 Rde8 24. Kf1 Rh7 25. Nb5 Reh8 26. Nxd4 Nxd4 27. Kg1 Re8 28. Kf1 c5 29. Rc1 b6 30. Bd2 Reh8 31. Bc3 Rxh2 32. Rxh2 Rxh2 33. Bxd4 Kd7 34. Bg1 Rh3 35. Kg2 Kd6 36. d4 cxd4 37. Bxd4 Rh6 38. Be3 Re6 39. Bf4+ Kd5 40. Kf2 a5 41. Rd1+ Kc4 42. Rc1+ Kb4 43. Rb1+ Ka3 44. Be3 Kxa2 45. Rxb6 Rxb6 46. Bxb6 a4 47. Ke3 Kb3 48. Bd4 Kc4 49. Bg7 a3 50. Kf4 1-0

[Event "Titled Tuesday intern op 10th Sep Early"]
[Site "Chess,com INT"]
[Date "2024.09.10"]
[Round "6"]
[White "Nugumanov, Bakhtiyar"]
[Black "Llorente Zaro, Alfonso"]
[Result "0-1"]
[WhiteElo "2288"]
[BlackElo "2440"]
[PlyCount "134"]
[EventDate "2024.09.10"]
[EventType "swiss (blitz)"]
[EventRounds "11"]
[EventCountry "USA"]
[SourceTitle "EXT 2025"]
[Source "ChessBase"]
[SourceDate "2024.10.14"]
[SourceVersion "1"]
[SourceVersionDate "2024.10.14"]
[SourceQuality "1"]

1. d4 Nc6 2. e4 Nf6 3. e5 Nd5 4. c4 Nb6 5. Nf3 d6 6. exd6 exd6 7. Nc3 Be7 8. Be2 0-0 9. 0-0 Bf5 10. Be3 Bf6 11. b3 Re8 12. Rc1 d5 13. c5 Nc8 14. Bd3 N8e7 15. a3 Bg4 16. h3 Bxf3 17. Qxf3 Bxd4 18. Nb5 Bxe3 19. fxe3 Rf8 20. Qg3 a6 21. Nd4 Qd7 22. Nf5 Nxf5 23. Rxf5 Ne7 24. Rg5 g6 25. h4 Qe6 26. Rf1 Rae8 27. Re5 Qd7 28. h5 d4 29. hxg6 Nxg6 30. Bxg6 hxg6 31. Rxe8 Rxe8 32. exd4 Qxd4+ 33. Qf2 Qxf2+ 34. Rxf2 Re3 35. Rb2 Rc3 36. b4 Rxa3 37. b5 Rc3 38. c6 bxc6 39. bxa6 Ra3 40. Rb7 Rxa6 41. Rxc7 Ra1+ 42. Kf2 Rc1 43. Kf3 Kg7 44. g4 Kf6 45. Kg2 Ke6 46. g5 Rc5 47. Kf3 Rxg5 48. Rxc6+ Ke7 49. Rc7+ Kf8 50. Ra7 Kg7 51. Kf4 Rf5+ 52. Kg4 Rf1 53. Kg3 Kh6 54. Ra6 f5 55. Ra8 Kg5 56. Ra3 Re1 57. Kf3 Re6 58. Kg3 Re3+ 59. Rxe3 f4+ 60. Kf3 fxe3 61. Kxe3 Kg4 62. Kf2 Kh3 63. Kg1 Kg3 64. Kh1 g5 65. Kg1 g4 66. Kh1 Kf2 67. Kh2 g3+ 0-1

[Event "Titled Tuesday intern op 11th Jun Late"]
[Site "Chess.com INT"]
[Date "2024.06.11"]
[Round "3"]
[White "Hong, Andrew Z"]
[Black "Llorente Zaro, Alfonso"]
[Result "1-0"]
[WhiteElo "2550"]
[BlackElo "2440"]
[PlyCount "95"]
[EventDate "2024.06.11"]
[EventType "swiss (blitz)"]
[EventRounds "11"]
[EventCountry "USA"]
[SourceTitle "EXT 2025"]
[Source "ChessBase"]
[SourceDate "2024.10.14"]
[SourceVersion "1"]
[SourceVersionDate "2024.10.14"]
[SourceQuality "1"]

1. Nf3 d5 2. b3 Bg4 3. e3 Nd7 4. h3 Bh5 5. Bb2 e6 6. g4 Bg6 7. d3 a5 8. a3 h5 9. g5 h4 10. Nbd2 Ne7 11. Bg2 c6 12. e4 Bh5 13. Qe2 Ng6 14. Qe3 Qc7 15. Bf1 Bc5 16. d4 Be7 17. c4 0-0 18. Rg1 Rad8 19. Bd3 Nf4 20. Bf1 dxe4 21. Nxe4 c5 22. dxc5 Nxc5 23. Ne5 Ng6 24. Ng4 Nxe4 25. Qxe4 Qf4 26. Nf6+ Bxf6 27. Qxf4 Bxb2 28. Qe3 Bxa1 29. Be2 Bd4 30. Qe4 Bc3+ 31. Kf1 Bxe2+ 32. Kxe2 Rd2+ 33. Kf3 Rfd8 34. Re1 R2d4 35. Qb1 Bxe1 36. Qxe1 Rd3+ 37. Kg2 Nf4+ 38. Kh2 Rxh3+ 39. Kg1 Rxb3 40. Qe4 Nh3+ 41. Kg2 Nxg5 42. Qxh4 Nh7 43. Qxd8+ Nf8 44. Qxa5 b6 45. Qa6 g6 46. Qb7 Kg7 47. c5 Rxa3 48. c6 1-0

[Event "Titled Tuesday intern op 04th Jun Early"]
[Site "Chess.com INT"]
[Date "2024.06.04"]
[Round "3"]
[White "Giri, Anish"]
[Black "Llorente Zaro, Alfonso"]
[Result "1-0"]
[WhiteElo "2745"]
[BlackElo "2440"]
[PlyCount "105"]
[EventDate "2024.06.04"]
[EventType "swiss (blitz)"]
[EventRounds "11"]
[EventCountry "USA"]
[SourceTitle "EXT 2025"]
[Source "ChessBase"]
[SourceDate "2024.10.14"]
[SourceVersion "1"]
[SourceVersionDate "2024.10.14"]
[SourceQuality "1"]

1. Nf3 Nf6 2. c4 g6 3. Nc3 d6 4. g3 Bg7 5. Bg2 0-0 6. 0-0 Nc6 7. Rb1 a6 8. a3 Rb8 9. b4 b5 10. d3 bxc4 11. dxc4 Bf5 12. Rb3 Ne4 13. Bb2 Qd7 14. Nd5 Bxb2 15. Rxb2 Nf6 16. Qa4 Nxd5 17. cxd5 Nd4 18. Qxd7 Nxf3+ 19. Bxf3 Bxd7 20. Rc1 Rb7 21. Rbc2 Rc8 22. e3 Kf8 23. Be2 Bb5 24. Bg4 f5 25. Bf3 Ke8 26. Rc3 Kd7 27. Kg2 Ra7 28. g4 e5 29. dxe6+ Kxe6 30. Kg3 Ke5 31. Rd1 Rf8 32. g5 Ke6 33. Bd5+ Kd7 34. Rd4 a5 35. Rh4 Rh8 36. bxa5 Rxa5 37. Bf7 Raa8 38. Rh6 c6 39. h4 Ke7 40. Ba2 d5 41. h5 Rag8 42. Kf4 Rg7 43. Bb3 Ra8 44. Bd1 Kd6 45. hxg6 hxg6 46. Bh5 Ra4+ 47. Kg3 d4 48. exd4 Rxd4 49. f4 Kd5 50. Rxg6 Rxg6 51. Bxg6 Ke4 52. Bh5 Bc4 53. Bf3# 1-0

[Event "Titled Tuesday intern op 04th Jun Early"]
[Site "Chess.com INT"]
[Date "2024.06.04"]
[Round "6"]
[White "Grinev, Valeriy"]
[Black "Llorente Zaro, Alfonso"]
[Result "1-0"]
[WhiteElo "2422"]
[BlackElo "2440"]
[PlyCount "93"]
[EventDate "2024.06.04"]
[EventType "swiss (blitz)"]
[EventRounds "11"]
[EventCountry "USA"]
[SourceTitle "EXT 2025"]
[Source "ChessBase"]
[SourceDate "2024.10.14"]
[SourceVersion "1"]
[SourceVersionDate "2024.10.14"]
[SourceQuality "1"]

1. d4 d5 2. c4 Nc6 3. cxd5 Qxd5 4. e3 e5 5. Nc3 Bb4 6. Bd2 Bxc3 7. Bxc3 exd4 8. Ne2 Bg4 9. f3 Bxf3 10. gxf3 Qxf3 11. Nxd4 Qxh1 12. Nxc6 Nf6 13. Bxf6 gxf6 14. Nd4 Qxh2 15. Qa4+ c6 16. 0-0-0 Qe5 17. Bd3 Qxe3+ 18. Kb1 Rd8 19. Nf5 Qc5 20. Qg4 Qe5 21. Rd2 h5 22. Qc4 Kd7 23. Qxf7+ Kc8 24. Re2 Qf4 25. Qxf6 Kb8 26. a3 Rhf8 27. Qe7 Ka8 28. Bc2 a6 29. Re5 Rfe8 30. Qxe8 Rxe8 31. Rxe8+ Ka7 32. Rh8 Qg5 33. Ka2 Qg2 34. Bb3 Qf3 35. Ne7 Qf6 36. Rh7 h4 37. Nc8+ Kb8 38. Nb6 Ka7 39. Nc4 Qf4 40. a4 Kb8 41. a5 Kc8 42. Nb6+ Kd8 43. Rxb7 Qg5 44. Rb8+ Ke7 45. Rb7+ Kf8 46. Rc7 h3 47. Rxc6 1-0

[Event "Titled Tuesday intern op 21st May Early"]
[Site "Chess.com INT"]
[Date "2024.05.21"]
[Round "1"]
[White "Hercegovac, Neven"]
[Black "Llorente Zaro, Alfonso"]
[Result "0-1"]
[WhiteElo "2309"]
[BlackElo "2440"]
[PlyCount "92"]
[EventDate "2024.05.21"]
[EventType "swiss (blitz)"]
[EventRounds "11"]
[EventCountry "USA"]
[SourceTitle "CBM 220 Extra"]
[Source "ChessBase"]
[SourceDate "2024.07.31"]
[SourceVersion "1"]
[SourceVersionDate "2024.07.31"]
[SourceQuality "1"]

1. Nf3 d5 2. g3 Nc6 3. d4 Bf5 4. Bg2 e6 5. 0-0 h6 6. c4 Nf6 7. cxd5 exd5 8. Nc3 Ne4 9. Bf4 Be7 10. Rc1 g5 11. Be5 f6 12. Qb3 Nxc3 13. Rxc3 Na5 14. Bxc7 Nxb3 15. Bxd8 Rxd8 16. Rxb3 b6 17. a3 Rc8 18. Rc3 Rxc3 19. bxc3 Kd7 20. a4 Rc8 21. Nd2 Be6 22. Rc1 Ba3 23. Rc2 Bb4 24. Nb1 Ba5 25. f3 f5 26. Kf2 Kd6 27. e3 Bd7 28. e4 fxe4 29. fxe4 dxe4 30. Bxe4 Bxa4 31. Ra2 Bb5 32. Rc2 Rf8+ 33. Ke3 Rf1 34. Nd2 Re1+ 35. Kf3 Ba4 36. Nc4+ Ke7 37. Nxa5 Bxc2 38. Nc6+ Kd6 39. Bxc2 Kxc6 40. c4 Rc1 41. Be4+ Kd6 42. Bd5 a5 43. Kg4 a4 44. Kh5 a3 45. Kxh6 a2 46. c5+ Kxd5 0-1

[Event "Titled Tuesday intern op 26th Mar Late"]
[Site "Chess.com INT"]
[Date "2024.03.26"]
[Round "11"]
[White "Llorente Zaro, Alfonso"]
[Black "Akhilbay, Imangali"]
[Result "1-0"]
[WhiteElo "2436"]
[BlackElo "2270"]
[PlyCount "91"]
[EventDate "2024.03.26"]
[EventType "swiss (blitz)"]
[EventRounds "11"]
[EventCountry "USA"]
[SourceTitle "EXT 2025"]
[Source "ChessBase"]
[SourceDate "2024.10.14"]
[SourceVersion "1"]
[SourceVersionDate "2024.10.14"]
[SourceQuality "1"]

1. b4 c6 2. Bb2 Qb6 3. a3 a5 4. c4 d6 5. Qb3 Nf6 6. Nc3 axb4 7. axb4 Rxa1+ 8. Bxa1 Na6 9. Na2 e5 10. e3 Be7 11. Nf3 0-0 12. Be2 e4 13. Nd4 d5 14. c5 Qc7 15. f4 exf3 16. Nxf3 Ne4 17. 0-0 Bf6 18. Bxf6 Nxf6 19. Nc3 Re8 20. Bxa6 bxa6 21. Ne2 a5 22. b5 cxb5 23. Qxb5 Bd7 24. Qb6 Qxb6 25. cxb6 Bb5 26. Nfd4 Bxe2 27. Nxe2 Rb8 28. Rb1 a4 29. Nc3 a3 30. Rb3 h5 31. d4 Kh7 32. Kf2 Ne4+ 33. Nxe4 dxe4 34. Kg3 g5 35. h4 f6 36. hxg5 fxg5 37. Rxa3 Rxb6 38. Ra5 Kg6 39. Re5 Rb2 40. Rxe4 Rd2 41. Re8 h4+ 42. Kf3 Kh5 43. Re5 Kg6 44. d5 Kf6 45. Re6+ Kf5 46. e4# 1-0

[Event "Titled Tuesday intern op 19th Mar Late"]
[Site "Chess.com INT"]
[Date "2024.03.19"]
[Round "9"]
[White "Llorente Zaro, Alfonso"]
[Black "Gokerkan, Cem Kaan"]
[Result "0-1"]
[WhiteElo "2436"]
[BlackElo "2523"]
[PlyCount "140"]
[EventDate "2024.03.19"]
[EventType "swiss (blitz)"]
[EventRounds "11"]
[EventCountry "USA"]
[SourceTitle "EXT 2025"]
[Source "ChessBase"]
[SourceDate "2024.10.14"]
[SourceVersion "1"]
[SourceVersionDate "2024.10.14"]
[SourceQuality "1"]

1. b4 Nf6 2. Bb2 g6 3. Nf3 Bg7 4. c4 0-0 5. g3 d6 6. d4 e5 7. dxe5 Ng4 8. Bg2 Nc6 9. a3 Ngxe5 10. Nxe5 Nxe5 11. Qc1 Bg4 12. h3 Bxe2 13. Kxe2 Re8 14. Kd2 Qf6 15. Kc2 Qf5+ 16. Kb3 Nd3 17. Qc2 Bxb2 18. Ra2 a5 19. Rxb2 axb4 20. axb4 Nxb2 21. Qxb2 b5 22. Rc1 bxc4+ 23. Rxc4 Rab8 24. Nc3 c5 25. Nd5 Re5 26. Qd2 cxb4 27. Kb2 b3 28. f4 Ree8 29. g4 Qe6 30. Re4 Rec8 31. Rxe6 Rc2+ 32. Qxc2 bxc2+ 33. Kxc2 fxe6 34. Nf6+ Kg7 35. g5 Rb4 36. Ne8+ Kf8 37. Nxd6 Rxf4 38. Kd3 Ke7 39. Ne4 Rf8 40. Ke3 Ra8 41. Bf3 Ra3+ 42. Kf4 Ra5 43. h4 Rf5+ 44. Ke3 Ra5 45. Bg4 Ra3+ 46. Kf4 Ra4 47. Ke5 Ra5+ 48. Kf4 Ra4 49. Bf3 Rb4 50. Kg3 Rb3 51. Nf6 h5 52. Ne4 e5 53. Nc5 Ra3 54. Ne4 Ke6 55. Kf2 Kf5 56. Ng3+ Kf4 57. Ne2+ Kf5 58. Ng3+ Ke6 59. Be4 Kf7 60. Kg2 Ra2+ 61. Kg1 Ra3 62. Kg2 Ra2+ 63. Kh3 Ra3 64. Bd5+ Ke7 65. Be4 Ra6 66. Kh2 Kf7 67. Kg2 Ra4 68. Kf2 Kg7 69. Ke3 Ra3+ 70. Ke2 Rxg3 0-1

[Event "Titled Tuesday intern op 19th Mar Late"]
[Site "Chess.com INT"]
[Date "2024.03.19"]
[Round "8"]
[White "Llorente Zaro, Alfonso"]
[Black "Kamsky, Gata"]
[Result "1-0"]
[WhiteElo "2436"]
[BlackElo "2616"]
[PlyCount "73"]
[EventDate "2024.03.19"]
[EventType "swiss (blitz)"]
[EventRounds "11"]
[EventCountry "USA"]
[SourceTitle "EXT 2025"]
[Source "ChessBase"]
[SourceDate "2024.10.14"]
[SourceVersion "1"]
[SourceVersionDate "2024.10.14"]
[SourceQuality "1"]

1. b4 d5 2. Bb2 Bf5 3. e3 e6 4. Nf3 Nf6 5. b5 Nbd7 6. c4 Nc5 7. d4 Nce4 8. Nfd2 Bb4 9. f3 Nxd2 10. Nxd2 0-0 11. Kf2 c6 12. Nb3 dxc4 13. Bxc4 cxb5 14. Bxb5 Rc8 15. Bd3 Nd5 16. e4 Bc3 17. Rb1 Bxb2 18. Rxb2 Nc3 19. Qd2 Bg6 20. Rc1 Qh4+ 21. Kg1 Na4 22. Rbc2 Rxc2 23. Rxc2 a6 24. Qa5 b5 25. Qxa6 Qe1+ 26. Bf1 Nc3 27. Qc6 b4 28. Qc4 Qe3+ 29. Kh1 Qe1 30. Kg1 Rb8 31. Qd3 Ra8 32. Qd2 Qh4 33. Nc5 Qd8 34. Rb2 Qa5 35. Nb3 Qa3 36. g3 Nxa2 37. Nc5 1-0

[Event "Titled Tuesday intern op 19th Mar Late"]
[Site "Chess.com INT"]
[Date "2024.03.19"]
[Round "3"]
[White "Llorente Zaro, Alfonso"]
[Black "Krzywda, Andrzej"]
[Result "1-0"]
[WhiteElo "2436"]
[BlackElo "2237"]
[PlyCount "75"]
[EventDate "2024.03.19"]
[EventType "swiss (blitz)"]
[EventRounds "11"]
[EventCountry "USA"]
[SourceTitle "EXT 2025"]
[Source "ChessBase"]
[SourceDate "2024.10.14"]
[SourceVersion "1"]
[SourceVersionDate "2024.10.14"]
[SourceQuality "1"]

1. b4 d5 2. Bb2 Qd6 3. a3 Qg6 4. d3 Nf6 5. Nd2 h5 6. Ngf3 Nbd7 7. c4 c6 8. g3 e6 9. Qb3 a5 10. b5 Nc5 11. Qc2 a4 12. bxc6 bxc6 13. Ne5 Qf5 14. Bg2 h4 15. cxd5 hxg3 16. hxg3 Rxh1+ 17. Bxh1 cxd5 18. e4 Qh3 19. 0-0-0 Ba6 20. d4 Rc8 21. dxc5 Rxc5 22. Bc3 d4 23. Qxa4+ Bb5 24. Qxd4 Nd7 25. Nxd7 Bxd7 26. Nf3 Rc7 27. Ne5 Bxa3+ 28. Kb1 Rb7+ 29. Ka2 Qh5 30. Bf3 Qg5 31. Kxa3 Kf8 32. Nxd7+ Kg8 33. Ne5 Qe7+ 34. Qd6 Ra7+ 35. Kb2 Qb7+ 36. Bb4 Ra6 37. Qf8+ Kh7 38. Rh1# 1-0

[Event "Titled Tuesday intern op 19th Mar Late"]
[Site "Chess.com INT"]
[Date "2024.03.19"]
[Round "1"]
[White "Llorente Zaro, Alfonso"]
[Black "Melikhov, Evgeny V"]
[Result "1-0"]
[WhiteElo "2436"]
[BlackElo "2172"]
[PlyCount "63"]
[EventDate "2024.03.19"]
[EventType "swiss (blitz)"]
[EventRounds "11"]
[EventCountry "USA"]
[SourceTitle "EXT 2025"]
[Source "ChessBase"]
[SourceDate "2024.10.14"]
[SourceVersion "1"]
[SourceVersionDate "2024.10.14"]
[SourceQuality "1"]

1. Nc3 d5 2. d4 Nf6 3. Bf4 c5 4. e4 cxd4 5. Qxd4 Nc6 6. Bb5 Bd7 7. Bxc6 Bxc6 8. e5 Ne4 9. Nge2 e6 10. Nxe4 dxe4 11. Qxd8+ Rxd8 12. Be3 b6 13. Nd4 Bd7 14. 0-0-0 f5 15. Rd2 Bb4 16. c3 Be7 17. h4 Kf7 18. Bg5 h6 19. Bxe7 Kxe7 20. h5 Rc8 21. Ne2 Rhd8 22. Rhd1 Be8 23. Rxd8 Rxd8 24. Rxd8 Kxd8 25. Nf4 Ke7 26. Kd2 Bf7 27. c4 Kd7 28. b4 Kc6 29. Kc3 Bg8 30. b5+ Kc5 31. Ne2 a6 32. a4 1-0

[Event "Titled Tuesday intern op 19th Mar Late"]
[Site "Chess.com INT"]
[Date "2024.03.19"]
[Round "4"]
[White "Matyunin, Maxim"]
[Black "Llorente Zaro, Alfonso"]
[Result "0-1"]
[WhiteElo "2099"]
[BlackElo "2436"]
[PlyCount "116"]
[EventDate "2024.03.19"]
[EventType "swiss (blitz)"]
[EventRounds "11"]
[EventCountry "USA"]
[SourceTitle "EXT 2025"]
[Source "ChessBase"]
[SourceDate "2024.10.14"]
[SourceVersion "1"]
[SourceVersionDate "2024.10.14"]
[SourceQuality "1"]

1. d4 b5 2. Nf3 Bb7 3. a4 b4 4. c4 bxc3 5. Nxc3 Nf6 6. Bg5 h6 7. Bh4 e6 8. e3 Bb4 9. Bd3 a5 10. 0-0 d5 11. Bg3 0-0 12. Nb5 Ne8 13. Rc1 Na6 14. Bb1 c6 15. Qd3 g6 16. Nc3 c5 17. Ne5 Qe7 18. Nxg6 fxg6 19. Qxg6+ Qg7 20. Qxe6+ Kh8 21. Be5 Nf6 22. Nb5 Rae8 23. Qh3 Bc8 24. Qh4 c4 25. h3 Qg5 26. Qxg5 hxg5 27. Nd6 Bxd6 28. Bxd6 Rf7 29. Bg6 Kg7 30. Bxf7 Kxf7 31. Be5 Ne4 32. f3 Nd2 33. Rf2 Nb3 34. Rcf1 Nb4 35. f4 Nd3 36. Rf3 g4 37. hxg4 Bxg4 38. Rg3 Rg8 39. f5 Nd2 40. Ra1 Ne4 41. Rxg4 Rxg4 42. Ra2 Rg5 43. f6 Nxe5 44. dxe5 Rxe5 45. Kf1 Nc5 46. Ke2 d4 47. Kd2 Nb3+ 48. Kc2 Rxe3 49. Ra3 Re1 50. Rxb3 cxb3+ 51. Kxb3 Rc1 52. g4 d3 53. g5 d2 54. g6+ Kxf6 55. Ka2 d1Q 56. b4 Qxa4+ 57. Kb2 Qc2+ 58. Ka3 Ra1# 0-1

[Event "Titled Tuesday intern op 19th Mar Late"]
[Site "Chess.com INT"]
[Date "2024.03.19"]
[Round "2"]
[White "Skrondal, Inge Sandstad"]
[Black "Llorente Zaro, Alfonso"]
[Result "1-0"]
[WhiteElo "2292"]
[BlackElo "2436"]
[PlyCount "99"]
[EventDate "2024.03.19"]
[EventType "swiss (blitz)"]
[EventRounds "11"]
[EventCountry "USA"]
[SourceTitle "EXT 2025"]
[Source "ChessBase"]
[SourceDate "2024.10.14"]
[SourceVersion "1"]
[SourceVersionDate "2024.10.14"]
[SourceQuality "1"]

1. d4 d6 2. c4 e5 3. d5 Be7 4. Nc3 a5 5. g3 Na6 6. Bg2 f5 7. e4 Nf6 8. Nge2 fxe4 9. Nxe4 Nxe4 10. Bxe4 Bh3 11. Nf4 exf4 12. Qh5+ Kf8 13. Qxh3 Nc5 14. Bc2 Bg5 15. 0-0 Qf6 16. Rb1 f3 17. Qf5 Qxf5 18. Bxf5 Bxc1 19. Rfxc1 Re8 20. Rc3 Re2 21. Rxf3 Ke7 22. Re3+ Rxe3 23. fxe3 g6 24. Bc2 Rf8 25. Rf1 Rxf1+ 26. Kxf1 Kf6 27. Kf2 Nd7 28. Bd3 Ke5 29. Kf3 Nf6 30. h3 g5 31. Bc2 h6 32. Bd3 Nd7 33. h4 Kf6 34. Be2 Ne5+ 35. Ke4 gxh4 36. gxh4 Ng6 37. h5 Ne5 38. Kf4 Nd7 39. b3 Nc5 40. Bf1 a4 41. b4 Na6 42. a3 Nxb4 43. Ke4 Na6 44. Be2 Nc5+ 45. Kf4 Nd7 46. Bd1 Ne5 47. Be2 c5 48. dxc6 bxc6 49. Ke4 Ke6 50. Kd4 1-0

[Event "Titled Tuesday intern op 27th Feb Early"]
[Site "Chess.com INT"]
[Date "2024.02.27"]
[Round "6"]
[White "Llorente Zaro, Alfonso"]
[Black "Jodar Arias, Marlon"]
[Result "1-0"]
[WhiteElo "2433"]
[BlackElo "2209"]
[PlyCount "27"]
[EventDate "2024.02.27"]
[EventType "swiss (blitz)"]
[EventRounds "11"]
[EventCountry "USA"]
[SourceTitle "EXT 2025"]
[Source "ChessBase"]
[SourceDate "2024.10.14"]
[SourceVersion "1"]
[SourceVersionDate "2024.10.14"]
[SourceQuality "1"]

1. b4 e5 2. Bb2 Bxb4 3. Bxe5 Nf6 4. Nf3 0-0 5. e3 Re8 6. Be2 d5 7. 0-0 Bd6 8. Bxd6 Qxd6 9. c4 c6 10. d4 Bg4 11. Qb3 dxc4 12. Bxc4 Qd7 13. Ne5 Qc7 14. Bxf7+ 1-0

[Event "Titled Tuesday intern op 27th Feb Early"]
[Site "Chess.com INT"]
[Date "2024.02.27"]
[Round "2"]
[White "Llorente Zaro, Alfonso"]
[Black "Ljukin, Sergei"]
[Result "1-0"]
[WhiteElo "2433"]
[BlackElo "2362"]
[PlyCount "39"]
[EventDate "2024.02.27"]
[EventType "swiss (blitz)"]
[EventRounds "11"]
[EventCountry "USA"]
[SourceTitle "EXT 2025"]
[Source "ChessBase"]
[SourceDate "2024.10.14"]
[SourceVersion "1"]
[SourceVersionDate "2024.10.14"]
[SourceQuality "1"]

1. b4 d5 2. e3 e5 3. Bb2 Qd6 4. c4 dxc4 5. Bxc4 Qxb4 6. Qc2 Qe7 7. Nf3 Nd7 8. Nc3 c6 9. d4 exd4 10. Nxd4 Ngf6 11. 0-0 g6 12. a4 Bg7 13. Ba3 c5 14. a5 0-0 15. Rfd1 a6 16. Rab1 Ne5 17. Na4 Qc7 18. Bxc5 Nxc4 19. Bxf8 Bxf8 20. Nb6 1-0

[Event "Titled Tuesday intern op 20th Feb Late"]
[Site "Chess.com INT"]
[Date "2024.02.20"]
[Round "5"]
[White "Keymer, Vincent"]
[Black "Llorente Zaro, Alfonso"]
[Result "1/2-1/2"]
[WhiteElo "2738"]
[BlackElo "2433"]
[PlyCount "171"]
[EventDate "2024.02.20"]
[EventType "swiss (blitz)"]
[EventRounds "11"]
[EventCountry "USA"]
[SourceTitle "EXT 2025"]
[Source "ChessBase"]
[SourceDate "2024.10.14"]
[SourceVersion "1"]
[SourceVersionDate "2024.10.14"]
[SourceQuality "1"]

1. a3 b5 2. e4 Bb7 3. Nc3 a6 4. d4 e6 5. Nf3 Nf6 6. Bd3 c5 7. e5 Nd5 8. Nxd5 Bxd5 9. Be3 cxd4 10. Bxd4 Nc6 11. Bc3 Be7 12. Qe2 Qb6 13. 0-0 0-0 14. Rfd1 Rac8 15. Be4 Bxe4 16. Qxe4 Rfd8 17. Rd2 h6 18. Rad1 Qc7 19. h3 a5 20. Rd3 b4 21. axb4 axb4 22. Bd2 d5 23. exd6 Rxd6 24. Bf4 Rxd3 25. cxd3 Bd6 26. Bxd6 Qxd6 27. Rc1 Ne7 28. Rxc8+ Nxc8 29. Qa8 Qc7 30. d4 Kh7 31. Qe4+ g6 32. Ne5 Nd6 33. Qe1 Nf5 34. Qd2 b3 35. g4 Qc2 36. Qf4 Qd1+ 37. Kg2 Qxd4 38. Qxd4 Nxd4 39. Nxf7 Kg7 40. Nd6 g5 41. f3 Kf6 42. Nc4 Ne2 43. Kf2 Nf4 44. Nd2 Nd3+ 45. Ke3 Nxb2 46. Nxb3 Nc4+ 47. Ke4 Nd6+ 48. Ke3 Nc4+ 49. Kd4 Ne5 50. Ke4 Ng6 51. Nd4 Nf4 52. h4 Ng2 53. h5 Nf4 54. Nc6 Nd5 55. Na5 Nc3+ 56. Kd3 Nd5 57. Nc4 Nf4+ 58. Kd4 Nd5 59. Ke4 Nc3+ 60. Kd3 Nd5 61. Kd4 Nf4 62. Nd6 Ne2+ 63. Ke3 Nf4 64. Ne4+ Ke5 65. Nc5 Nd5+ 66. Kf2 Kf6 67. Ke2 Nf4+ 68. Ke3 Ng2+ 69. Kd4 Nf4 70. Ne4+ Ke7 71. Nd2 Kf6 72. Nc4 Ne2+ 73. Ke3 Nf4 74. Nb6 Nd5+ 75. Nxd5+ exd5 76. f4 gxf4+ 77. Kxf4 d4 78. Ke4 Kg5 79. Kxd4 Kxg4 80. Ke3 Kxh5 81. Kf2 Kg5 82. Kg1 h5 83. Kh1 h4 84. Kg1 h3 85. Kh1 h2 86. Kxh2 1/2-1/2

[Event "Titled Tuesday intern op 20th Feb Late"]
[Site "Chess.com INT"]
[Date "2024.02.20"]
[Round "10"]
[White "Llorente Zaro, Alfonso"]
[Black "Mizzi, Jack"]
[Result "1-0"]
[WhiteElo "2433"]
[BlackElo "2043"]
[PlyCount "127"]
[EventDate "2024.02.20"]
[EventType "swiss (blitz)"]
[EventRounds "11"]
[EventCountry "USA"]
[SourceTitle "EXT 2025"]
[Source "ChessBase"]
[SourceDate "2024.10.14"]
[SourceVersion "1"]
[SourceVersionDate "2024.10.14"]
[SourceQuality "1"]

1. e4 c6 2. Nf3 d5 3. d3 dxe4 4. dxe4 Qxd1+ 5. Kxd1 Nf6 6. Nbd2 Nbd7 7. Ne1 Ng4 8. Nd3 e5 9. Be2 Nc5 10. Nxc5 Nxf2+ 11. Ke1 Bxc5 12. Rf1 Ng4 13. Bxg4 Bxg4 14. Nc4 0-0-0 15. Be3 Bxe3 16. Nxe3 Be6 17. Ke2 Rd4 18. Kf3 Rhd8 19. Rf2 h5 20. b3 g5 21. h3 Rf8 22. Re1 f5 23. exf5 Bxf5 24. Ke2 Rf4 25. Ref1 Be4 26. g3 Rxf2+ 27. Rxf2 Rxf2+ 28. Kxf2 b5 29. b4 Kd7 30. h4 g4 31. Ke2 Ke6 32. a3 a6 33. Kd2 Bg6 34. c3 Kd6 35. Kc1 c5 36. Kd2 c4 37. Nd1 Kd5 38. Nf2 Bf5 39. Ke3 Bg6 40. Ke2 Be8 41. Kd2 Bc6 42. Ke3 Ke6 43. Ke2 Kf5 44. Kd2 Bg2 45. Ke3 Bf3 46. Kd2 e4 47. Ke3 Ke5 48. Kd2 Bg2 49. Nd1 Bf1 50. Ne3 Bd3 51. Ng2 Kf5 52. Nf4 Bf1 53. Ke3 Bd3 54. Nxh5 Kg6 55. Nf4+ Kf5 56. Nd5 Ke5 57. Nc7 Bc2 58. Nxa6 Kd6 59. h5 Ke6 60. Nc7+ Kf6 61. Nxb5 Kg5 62. Nd6 Kxh5 63. b5 Kg6 64. b6 1-0